Engineering Physics (Record no. 19)
[ view plain ]
| 000 -LEADER | |
|---|---|
| Fixed length control field | 00423nam a2200181 4500 |
| 003 - CONTROL NUMBER IDENTIFIER | |
| Control field | SEACOMEC |
| 005 - DATE AND TIME OF LATEST TRANSACTION | |
| Control field | 20231004095251.0 |
| 008 - FIXED-LENGTH DATA ELEMENTS--GENERAL INFORMATION | |
| Fixed length control field | 230930b |||||||| |||| 00| 0 eng d |
| 020 ## - INTERNATIONAL STANDARD BOOK NUMBER / ISBN | |
| Price | Rs.165.00 |
| 040 ## - CATALOGING SOURCE | |
| Original cataloging agency | SEACOMEC |
| 082 ## - DEWEY DECIMAL CLASSIFICATION NUMBER | |
| Book Number | LAK |
| Classification number | 530 |
| 100 1# - MAIN ENTRY--PERSONAL NAME | |
| Personal name | Lakshmi,V |
| 245 1# - TITLE STATEMENT | |
| Title | Engineering Physics |
| Statement of responsibility | V. Lakshmi and S. Usha |
| 260 ## - IMPRINT | |
| Place of publication | Chennai |
| Name of publisher | Scitech |
| Date of publication | 2001 |
| 650 ## - SUBJECT ADDED ENTRY--TOPICAL TERM | |
| Topical term | Physics |
| 700 1# - ADDED ENTRY--PERSONAL NAME | |
| Personal name | V. Usha |
| 942 ## - ADDED ENTRY ELEMENTS (KOHA) | |
| Koha item type | Books |
| Withdrawn status | Lost status | Source of classification | Damaged status | Not for loan | Home library | Current library | Date acquired | Total Checkouts | Call number | Accession number | Date last seen | Price effective from | Koha item type |
|---|---|---|---|---|---|---|---|---|---|---|---|---|---|
| Dewey Decimal Classification | SEACOM ENGINEERING COLLEGE | SEACOM ENGINEERING COLLEGE | 24/07/2006 | LAK 530 | 04225 | 04/10/2023 | 04/10/2023 | Books | |||||
| Dewey Decimal Classification | SEACOM ENGINEERING COLLEGE | SEACOM ENGINEERING COLLEGE | 24/07/2006 | LAK 530 | 04226 | 04/10/2023 | 04/10/2023 | Books | |||||
| Dewey Decimal Classification | SEACOM ENGINEERING COLLEGE | SEACOM ENGINEERING COLLEGE | 24/07/2006 | LAK 530 | 04227 | 04/10/2023 | 04/10/2023 | Books | |||||
| Dewey Decimal Classification | SEACOM ENGINEERING COLLEGE | SEACOM ENGINEERING COLLEGE | 24/07/2006 | LAK 530 | 04228 | 04/10/2023 | 04/10/2023 | Books | |||||
| Dewey Decimal Classification | SEACOM ENGINEERING COLLEGE | SEACOM ENGINEERING COLLEGE | 24/07/2006 | LAK 530 | 04229 | 04/10/2023 | 04/10/2023 | Books |
